书目信息 |
| 题名: |
热力网
|
|
| 作者: | Ё·Я·沙科洛夫 著 ;孙可宗 伊 | |
| 分册: | ||
| 出版信息: | 北京 高等教育出版社 |
|
| 页数: | 392页 | |
| 开本: | 20cm | |
| 丛书名: | ||
| 单 册: | ||
| 中图分类: | TK1 | |
| 科图分类: | ||
| 主题词: | 热力工程 , 热机 | |
| 电子资源: | ||
| ISBN: | ||
| 000 | 00639nam0 2200229 450 | |
| 001 | 0659260529 | |
| 005 | 20060820163031.07 | |
| 010 | @dCNY1.80 | |
| 091 | @a15010.90 | |
| 100 | @a20060820d km y0chiy0120 ea | |
| 101 | 0 | @achi |
| 102 | @aCN@b110000 | |
| 200 | 1 | @a热力网@Are li wang@fЁ·Я·沙科洛夫 著@FЁ·Я·sha ke luo fu zhu@g孙可宗 伊@Gsun ke zong yi |
| 210 | @a北京@c高等教育出版社 | |
| 215 | @a392页@d20cm | |
| 606 | 0 | @a热力工程 |
| 606 | 0 | @a热机 |
| 690 | @aTK1@v3 | |
| 701 | 0 | @aЁ·Я·沙科洛夫@AЁ·Я·sha ke luo fu@4著 |
| 702 | 0 | @a孙可宗 伊@Asun ke zong yi |
| 801 | 0 | @aCN@bPFT@c20060820 |
| 905 | @a10447@dTK1@e76 | |
| 热力网/Ё·Я·沙科洛夫 著/孙可宗 伊.-北京:高等教育出版社 |
| 392页;20cm |
| ISBN :CNY1.80 |
| ● |
| 相关链接 |
|
|
|
|
正题名:热力网
索取号:TK1/76
 
预约/预借
| 序号 | 登录号 | 条形码 | 馆藏地/架位号 | 状态 | 备注 |
| 1 | 0470468 | 204704686 | 密集书库/ [索取号:TK1/76] | 在馆 |